Quizzes
Events
Quiz Creation
Community
Videos
Private Events
Remove Ads
Sign In
Join for FREE
Feedback
Dark Mode
Quiz Categories
Sports
Geography
Music
Movies
Television
Just For Fun
Miscellaneous
History
Literature
Language
Science
Gaming
Entertainment
Religion
Holiday
For Kids
Quiz Lab
Recent
Popular Today
Quiz Kudos Today
Editor Picks
Curator Picks
Quizzes by...
Day
Popularity
Type
Ratings
Length
Year
Community
Subscriptions
Recent Discussions
Orange Saloon
Badges
Playlists
Quests
Create
Leaderboards
Showdown
Live 5
Trivia Bingo
Activity
Puzzle Library
Sporcle Events
Private Events
Virtual Trivia
Globe League
Become a Host
Pub Owners
SporcleCon
Opinionation
Our Games
Videos
Blog
Mobile Apps
Partnerships
Remove Ads and Go Orange
Feedback
Music
Pop Music
The Beatles
Song
Album
Lyrics
Bands
Singers
Artist
Clip
Rock
Rap
Classical
Billboard
Country Music
Kpop
Taylor Swift
Music
Pop Music
The Beatles
Song
Album
Lyrics
Bands
Singers
Artist
Clip
Rock
Rap
Classical
Billboard
Country Music
Kpop
Taylor Swift
Random Quiz
Search Sporcle
×
Quiz Lab
Quiz Lab
Music
Song
Type in answers that appear in a list
Type in answers that appear in a list
Classic
Best Score? Go Orange.
Sinatra Lyrics Stats
Can you name the Sinatra Lyrics?
By
becs_b_thunder
10m
22 Questions
75 Plays
75 Plays
75 Plays
Comments
Comments
Give Quiz Kudos
Give Quiz Kudos
-
- Ratings
hide this ad
Replay
Link that replays current quiz
Next Quiz
Link to next quiz in quiz playlist
You Got
0%
They Got
Avg Score
47%
Avg Friend Score
Upgrade to see
Score Distribution
Jump to the score distribution portion of the page
Score
0/22
Timer
10:00
0
Plays Today
Lyrics
Song Title
% Correct
'In other words, hold my hand In other words, darling kiss me'
Fly Me to the Moon
94.7%
'Regrets, I've had a few. But then again, too few to mention'
My Way
90.7%
'I want to go and play hide and seek'
You Make Me Feel So Young
77.3%
'Once I get you up there I'll be holding you so near'
Come Fly with Me
72%
'Some people get their kicks stompin' on a dream'
That's Life
68%
'And that laugh that wrinkles your nose'
The Way You Look Tonight
65.3%
'She likes the free, fresh wind in her hair, Life without care'
The Lady is a Tramp
64%
'I'd sacrifice anything come what might, For the sake of havin' you near'
I've Got You Under My Skin
64%
'Mere alcohol doesn't thrill me at all'
I Get A Kick Out Of You
62.7%
'Something in you smile was so exciting'
Strangers In the Night
58.7%
'I know the way youve treated other guys youve been with'
Luck be a Lady
57.3%
Lyrics
Song Title
% Correct
' Like painted kites, those days and nights, they went flyin' by'
Summer Wind
50.7%
'Your looks are laughable, un-
photographable, Yet, you're my favorite work of art.''
My Funny Valentine
41.3%
'Lucky me, can't you see, I'm in love'
I've Got The World On A String
38.7%
'You think you've seen the sun, but you ain't seen it shine'
The Best Is Yet To Come
33.3%
'But please don't bring your lips so close to my cheek'
All Or Nothing At All
21.3%
'When you're feeling sad and lonely there's a service I can render'
Call Me
20%
'So be honest with yourself, don't try to fake romance.'
The Good Life
18.7%
'May just be passing fancies and in time may go'
Love Is Here To Stay
18.7%
'Yes, ma'm, we've decided, no ma'm, we ain't gonna hide it'
Yes Sir, That's My Baby
12%
'Stars and steel guitars and luscious lips, as red as wine'
It Happened In Monterey
9.3%
'I know her thoughts are strong for somebody else'
The One I Love
6.7%
Quiz Playlist
Details
Report
Send in Message
Add To Playlist
Classic:
Type in answers that appear in a list
Last Updated: Jul 5, 2018
Quiz Scoreboard
CHALLENGE
Sign Up to Join the Scoreboard
Show All
Scores
Hide
Comments
May contain spoilers
Recently Published
Popular People in 1961
by mucciniale
History
6m
1-10 Letter E Words III
by El_Dandy
Language
2m
One Thing in Common: World Cities II
by knightlancer
Geography
7m
More to Explore
Quiz From the Vault
Featured Blog Post
Where Did the Easter Bunny Come From?
hide this ad
You Might Also Like...
Tags
Song Quiz
Big Band
Frank Sinatra
Jazz
Song Title
Today's Top Quizzes in Music
Browse Music
hide this ad
Today's Top Quizzes in Song
Browse Song
Top Contributed Quizzes in Music
1
Taylor Swift All Songs (2024)
2
2010s Album by Cover III
3
Taylor Swift Logic Puzzle
4
One Thing in Common: Music
5
Guess the Artist- 70s Songs
6
Guess the Taylor Swift song (Mystery Song)
7
2010s Album by Cover V
8
2010s Album by Cover IV
9
Lana Del Rey Discography (BTD to DYKTTATUOB)
10
KPOP LOGIC QUIZ
Explore More
Trending Topics
Marvel
Kpop
Harry Potter
NBA
Crossword
Disney
Anime
Pokémon
The Office
Puzzle
NFL
Song
WWE
Country
Soccer
hide this ad
More By:
becs_b_thunder
Quiz
Plays
Rating
Category
Featured
Created
Sinatra Lyrics
75
5.00
Music
Jan 6, 2016
Go to Creator's Profile
Score Distribution
Quiz Creator Spotlight
becs_b_thunder
Follow
Send a Message
Quizzes Created
-
Created Quiz Play Count
-
More By This Creator
Popular Quizzes Today
1
Find the US States - No Outlines Minefield
2
The Countries of the World
3
Find the Countries of Europe - No Outlines Minefield
4
Popular People in 1961
5
1-10 Letter E Words III
6
Find the US States
7
One Thing in Common: World Cities II
8
US States
More Music Quizzes
Gorillaz by any 3 letters
Quiz Lab
Trending Quizzes
Risky Map Clicking: Least Populous States A-Z
1-10 Letter F Words
1-10 Letter G Words
One Thing in Common: United Kingdom
Risky Map Clicking: Next State Alphabetically
Recently Updated
Leaping Animals
pecheneg
Reality TV Shows (A-Z)
bhenderson79
Rickey Henderson's Hall of Fame Teammates
pecheneg
Champions League XIs: Arsenal
pecheneg
Quick Pick: Celebrities in WWE's Hall of Fame
aduchscher
A-Z Keypad Blitz II
pecheneg
Multiple Oscar Actors
pecheneg
Mystery Phrase Blitz: Oscar 'Best Actors'
pecheneg
F. Scott Fitzgerald Novels
LTH
Pick 3 Villains
ddd62291
Trending Topics
NBA
Marvel
Crossword
Kpop
Anime
Disney
Harry Potter
Country
Soccer
Puzzle
NFL
WWE
Pokémon
The Office
Song
Your Account Isn't Verified!
In order to create a playlist on Sporcle, you need to verify the email address you used during registration. Go to your
Sporcle Settings
to finish the process.
Report this User
Report this user for behavior that violates our
Community Guidelines
.
Details:
Send Report
Go to the Sporcle.com Mobile Site →
Comments